Anna Karenina / (Record no. 125444)
[ view plain ]
| 000 -LEADER | |
|---|---|
| fixed length control field | 00574mam a2200217 a 4500 |
| 001 - CONTROL NUMBER | |
| control field | 1827694 |
| 003 - CONTROL NUMBER IDENTIFIER | |
| control field | ARRUPE |
| 005 - DATE AND TIME OF LATEST TRANSACTION | |
| control field | 20161017113354.0 |
| 008 - FIXED-LENGTH DATA ELEMENTS--GENERAL INFORMATION | |
| fixed length control field | 921008s1950 nyu b 000 0 eng d |
| 035 ## - SYSTEM CONTROL NUMBER | |
| System control number | (OCoLC)ocm26748415 |
| 035 ## - SYSTEM CONTROL NUMBER | |
| System control number | (NNC)1827694 |
| 040 ## - CATALOGING SOURCE | |
| Original cataloging agency | CIN |
| Transcribing agency | CIN |
| Modifying agency | NNC |
| 041 1# - LANGUAGE CODE | |
| Language code of text/sound track or separate title | eng |
| Language code of original and/or intermediate translations of text | rus |
| 050 ## - LIBRARY OF CONGRESS CALL NUMBER | |
| Classification number | PG3367.G5A64 |
| 300 ## - PHYSICAL DESCRIPTION | |
| Dimensions | 19 cm. |
| 100 1# - MAIN ENTRY--PERSONAL NAME | |
| Personal name | Tolstoy, Leo, |
| Dates associated with a name | 1828-1910. |
| 9 (RLIN) | 26545 |
| 245 10 - TITLE STATEMENT | |
| Title | Anna Karenina / |
| Statement of responsibility, etc | Leo Tolstoy ; |
| 260 ## - PUBLICATION, DISTRIBUTION, ETC. (IMPRINT) | |
| Place of publication, distribution, etc | Munchen: |
| Name of publisher, distributor, etc | Droemersche Verlagsanstalt, |
| Date of publication, distribution, etc | c1956. |
| 300 ## - PHYSICAL DESCRIPTION | |
| Extent | 399p. ; p. ; |
| 942 ## - ADDED ENTRY ELEMENTS (KOHA) | |
| Source of classification or shelving scheme | Library of Congress Classification |
| Koha item type | Monograph ( Printed materials) |
| Withdrawn status | Lost status | Source of classification or shelving scheme | Damaged status | Not for loan | Collection code | Home library | Current library | Shelving location | Date acquired | Total Checkouts | Full call number | Barcode | Date last seen | Price effective from | Koha item type |
|---|---|---|---|---|---|---|---|---|---|---|---|---|---|---|---|
| Library of Congress Classification | Main Collection | ARRUPE LIBRARY | ARRUPE LIBRARY | Main Collection | 07/10/2016 | PG3367.G5 A64 | 46500010618 | 04/04/2019 | 07/10/2016 | Monograph ( Printed materials) |